000 01141cam a2200325 i 4500
001 17745156
003 OSt
005 20150408114218.0
008 140715s2014 enka g b 001 0 eng
020 _a9781441151940
020 _a9781441151810
020 _z9781441150776 (ebook (epub) : alk. paper)
020 _z9781441194121 (ebook (pdf) : alk. paper)
040 _aMa-Un
082 0 0 _222
_a306.44
_bLAE
245 0 0 _aLanguage in education :
_bsocial implications /
_cEdited by Rita Elaine Silver, Soe Marlar Lwin.
300 _aix, 201 p. :
_bill. ;
_c24 cm
490 0 _aBloomsbury Advances in Semiotics
504 _aIncludes bibliographical references and index.
650 _aLanguage and education
650 _aLanguage and languages
_xStudy and teaching
650 _aLanguage policy
_97334
650 _aInterdisciplinary approach in education
650 _aEducation
_xSocial aspects
_944977
650 _aSociolinguistics
700 1 _aSilver, Rita
_945259
700 1 _aLwin, Soe Marlar
_945260
942 _2ddc
_cBOOK
999 _c35129
_d269629